00998nmc a2200337 a 4500003000900000005001700009008004100026020001800067040001300085100002600098245004500124250002500169260003100194300001600225490003200241500002900273500008600302504003000388600001700418600003400435600001900469650001200488650001100500650002300511650002400534650002000558650001700578650003100595650002300626650001100649AR-BaBNM20251128203411.0217019s1988 ||||||||||||||000 | spa|| a950-508-098-0 cAR-BaBNM1 aNino, Carlos Santiago10aIntroducción al análisis del derecho a2ª ed. aum. y corr. aBuenos AiresbAstreac19881 axvi, 477 p. 0aFilosofía y derechovv. 50 aIndice general p. xi-xvi0 aIndice sinóptico e índice alfabético de autores y temas al final de la obra aBibliografía p. 447-45414aKelsen, Hans04aTomás de Aquinod1225?-127414aKant, Immanuel 4aDERECHO 4aNORMAS 4aSISTEMAS JURIDICOS 4aFUENTES DEL DERECHO 4aRESPONSABILIDAD 4aTERMINOLOGIA 4aADMINISTRACION DE JUSTICIA 4aTEORIA DEL DERECHO 4aJUECES